| 000 | 00545nam a22001577a 4500 | ||
|---|---|---|---|
| 005 | 20180722102951.0 | ||
| 020 |
_a817708092X _c780.00 |
||
| 035 | _aB-219850, B-219849 | ||
| 037 |
_aDPL _bENG |
||
| 245 |
_aTourism and sustainable economic development : _bIndian and global perspectives / _cedited by M. Sarngadharan and G. Raju |
||
| 260 |
_aNew Delhi _bNew Century Publications _c2005 |
||
| 300 |
_axvii, 375p. _c22 cms. |
||
| 700 |
_a Sarngadharan, M. _944551 |
||
| 700 |
_aRaju, G. _944552 |
||
| 942 |
_2ddc _cEN _h338.4791 _mTOU |
||
| 999 |
_c64531 _d64531 |
||